000 01013nam a22002417a 4500
999 _c65087
_d65087
005 20240530110806.0
008 190227s2018 ua ah f b 000 0 ara d
017 _a2018/11229
_bمصر. دار الكتب
040 _aEG-CaGPL
_cEG-CaGPL
082 0 4 _221
_a636.60932/
_bق/أ أ
100 0 _aاحمد حسين عبدالمجيد
245 1 0 _aاكتشاف التقنيات العلمية لقدماء المصريين فى تدجين البجع /
_cاحمد حسين عبدالمجيد
250 _aط.1
260 _aالقاهرة :
_bالمؤلف،
_c2018.
300 _a287 ص. :
_bايض ؛
_c24 سم.
490 0 _aموسوعة التقنيات العلمية فى الزراعة ؛
_v2.
504 _aيشتمل على ارجاعات ببليوجرافية
650 0 7 _2qrmak
_aالقدماء المصرين
650 0 7 _2qrmak
_aالزراعة
_xمصر الفرعونية
651 0 7 _2qrmak
_aمصر الفرعونية
_xتاريخ
942 _2ddc
_cBK